书目信息 |
| 题名: |
老年心理保健指南
|
|
| 作者: | 张理义 主编 | |
| 分册: | ||
| 出版信息: | 北京 人民军医出版社 2002.03 |
|
| 页数: | 294页 | |
| 开本: | 20cm | |
| 丛书名: | ||
| 单 册: | ||
| 中图分类: | R161.7-62 | |
| 科图分类: | ||
| 主题词: | 个人卫生 | |
| 电子资源: | ||
| ISBN: | 7-80157-439-7 | |
| 000 | 00561nam0 2200193 450 | |
| 001 | 0858480625 | |
| 005 | 20080611161619.08 | |
| 010 | @a7-80157-439-7@dCNY18.00 | |
| 100 | @a20080611d2002 km y0chiy0120 ea | |
| 101 | 0 | @achi |
| 102 | @aCN@b110000 | |
| 200 | 1 | @a老年心理保健指南@Alao nian xin li bao jian zhi nan@f张理义主编@Fzhang li yi zhu bian |
| 210 | @a北京@c人民军医出版社@d2002.03 | |
| 215 | @a294页@d20cm | |
| 606 | 0 | @a个人卫生 |
| 690 | @aR161.7-62@v4 | |
| 701 | 0 | @a张理义@Azhang li yi@4主编 |
| 801 | 0 | @aCN@bNISOFT@c20080611 |
| 905 | @aBZT@dR161.7-62@e2 | |
| 老年心理保健指南/张理义主编.-北京:人民军医出版社,2002.03 |
| 294页;20cm |
| ISBN 7-80157-439-7:CNY18.00 |
| ● |
| 相关链接 |
|
|
|
正题名:老年心理保健指南
索取号:R161.7-62/2
 
预约/预借
| 序号 | 登录号 | 条形码 | 馆藏地/架位号 | 状态 | 备注 |
| 1 | 675837 | 2000675837 | 中心书库中库/ 中库001架B面7列5层1/ [索取号:R161.7-62/2] | 在馆 | |
| 2 | 675838 | 2000675838 | 中心书库中库/ 中库001架B面7列5层9/ [索取号:R161.7-62/2] | 在馆 | |
| 3 | 675839 | 2000675839 | 中心书库中库/ 中库001架B面7列5层8/ [索取号:R161.7-62/2] | 在馆 | |
| 4 | 675840 | 2000675840 | 中心书库中库/ 中库001架B面7列5层2/ [索取号:R161.7-62/2] | 在馆 | |
| 5 | 675841 | 2000675841 | 中心书库中库/ 中库001架B面7列5层7/ [索取号:R161.7-62/2] | 在馆 | |
| 6 | 675842 | 2000675842 | 中心书库中库/ 中库001架B面7列5层10/ [索取号:R161.7-62/2] | 在馆 | |
| 7 | 675843 | 2000675843 | 中心书库中库/ 中库001架B面7列5层5/ [索取号:R161.7-62/2] | 在馆 | |
| 8 | 675844 | 2000675844 | 中心书库中库/ 中库001架B面7列5层3/ [索取号:R161.7-62/2] | 在馆 | |
| 9 | 675845 | 2000675845 | 中心书库中库/ 中库001架B面7列5层6/ [索取号:R161.7-62/2] | 在馆 | |
| 10 | 675846 | 2000675846 | 中心书库中库/ 中库001架B面7列5层4/ [索取号:R161.7-62/2] | 在馆 |